000
00253nam a22000977a 4500
008
221031b |||||||| |||| 00| 0 eng d
020
_a
9789355951694
100
_a
Oswaal
_9
7599
245
_a
CBSE OSWAAL ( ENG LAN & LIT)-10
260
_a
UP
_b
Oswaal
_c
2022-2023
999
_c
12100
_d
12100